| 000 | 01070 a2200169 4500 | ||
|---|---|---|---|
| 003 | Nust | ||
| 005 | 20230119105700.0 | ||
| 040 | _cNust | ||
| 082 | _a694,THE | ||
| 100 |
_aKay, N. W. _947447 |
||
| 245 |
_aThe practical carpenter and joiner / _c N. W.Kay, |
||
| 260 |
_aLondon, _bOdhams press limtied _c[1944] |
||
| 300 | _a448 p | ||
| 505 | _aCraftsmanship (Page-3), Timber (Page-16), Hand Tools (Page-39), Machine Tools (Page-65), Portable Electric Tools (Page-84), Geometrical Drawing And Design (Page-92), Joint Construction (Page-116), Frame and Joint Construction (Page-143), Wall Paneling and Doors (Page-164) Windows And Skylights (Page-189) Production Methods (Page-219), Stair Building (Page-237), Setting out Rods (Page-256) Shaped Work (Page-276) Fixing Joinery on Site (Page-288), Centers and Shoring (Page-315), Shuttering for Concrete (Page-336), Floors and Partitions (Page-354), Roof Construction (Page-375) Determining Bevels (Page-398), Uses of the Steel Square (Page-414), Useful Calculations (Page-429). | ||
| 650 | _aCarpentry | ||
| 942 |
_2ddc _cBK |
||
| 999 |
_c190864 _d190864 |
||